Themed General Knowledge Questions #14 - Statistics

General Stats
  • This quiz has been taken 30 times
  • The average score is 7 of 10
Answer Stats
Question Answer % Correct
Which of these countries are not considered a Nordic country? Latvia
96%
What does a palaeontologist study? Fossils
89%
Which of these fancy French foods are made of fatty duck or goose liver? Foie gras
85%
What year was the bicentennial year of USA? 1976
81%
What did Lot's wife turn into? A pillar of salt
81%
What are often called the 'building blocks of life'? Cells
67%
Which of these composer's death supposedly ended the baroque period? Bach
63%
What war is War and Peace (by Leo Tolstoy) based on? The Napoleonic war
59%
What is the process of solids turning directly into gas (skipping the liquid state)? Sublimination
52%
How many digits in this number are significant figures: 00.0110100 6
44%
No matching quizzes found
Score Distribution
Percent of People with Each Score
Percentile by Number Answered
Your Score History
You have not taken this quiz